| 000 | 00525nam a2200181 a 4500 | ||
|---|---|---|---|
| 005 | 20140412111358.0 | ||
| 008 | 060117s19uu xx 00 eng d | ||
| 020 | _a0-02-831063-2 | ||
| 050 |
_aTR(GS 372.4 _bA1 2000 |
||
| 100 | _aAdams, Marilyn Jager | ||
| 245 |
_aReading and writing Workbook / _cMarilyn Jager Adams. |
||
| 260 |
_aOhio : _bMcGrawhill, _c2000. |
||
| 300 | _a129 | ||
| 440 | _aSRA Open court reading | ||
| 650 |
_aReading _xStudy and teaching |
||
| 650 |
_aWriting _xStudy and teaching |
||
| 999 |
_c105423 _d105423 |
||